[Event "Kimry-ch"]
[Site "Kimry"]
[Date "2009.01.05"]
[Round "7"]
[White "Petrov, Ilja"]
[Black "Presnyakov, Vasily"]
[Result "1-0"]
[WhiteElo "2222"]
[BlackElo "2058"]
[PlyCount "51"]
[EventDate "2009.01.02"]
[EventType "swiss"]
[EventRounds "9"]
[EventCountry "RUS"]
[SourceTitle "EXT 2010"]
[Source "ChessBase"]
[SourceDate "2010.11.25"]
[SourceVersion "1"]
[SourceVersionDate "2010.11.25"]
[SourceQuality "1"]

1. e4 c5 2. Nf3 b6 3. d4 cxd4 4. Nxd4 Bb7 5. Bd3 a6 6. 0-0 d6 7. Nc3 Nf6 8. f4 e6 9. Kh1 Qc7 10. Qe1 Nbd7 11. Be3 Be7 12. Qg3 g6 13. Nf3 Nc5 14. Bd4 h5 15. e5 h4 16. Qh3 Nxd3 17. cxd3 Nh5 18. exd6 Qxd6 19. Be5 Nxf4 20. Qg4 Bxf3 21. Qxf4 Bxg2+ 22. Kxg2 h3+ 23. Kf2 Qxd3 24. Bxh8 Bc5+ 25. Ke1 0-0-0 26. Rd1 1-0

[Event "Kimry-ch"]
[Site "Kimry"]
[Date "2009.01.04"]
[Round "5"]
[White "Petrov, Ilja"]
[Black "Volkov, Evgeny"]
[Result "0-1"]
[WhiteElo "2222"]
[BlackElo "2212"]
[PlyCount "170"]
[EventDate "2009.01.02"]
[EventType "swiss"]
[EventRounds "9"]
[EventCountry "RUS"]
[SourceTitle "EXT 2010"]
[Source "ChessBase"]
[SourceDate "2010.11.25"]
[SourceVersion "1"]
[SourceVersionDate "2010.11.25"]
[SourceQuality "1"]

1. e4 c6 2. d4 d5 3. exd5 cxd5 4. c4 Nf6 5. Nc3 g6 6. Nf3 Bg7 7. Be2 0-0 8. h3 Nc6 9. Be3 dxc4 10. Bxc4 Bf5 11. 0-0 Rc8 12. a3 Ne4 13. Ba2 Nxc3 14. bxc3 Na5 15. Qa4 Bd3 16. Rfc1 b5 17. Qb4 a6 18. a4 Nc6 19. Qa3 Qd6 20. Qxd6 exd6 21. Bf4 Rfd8 22. Bd5 h6 23. g4 g5 24. Bg3 Bg6 25. h4 Bf6 26. hxg5 hxg5 27. axb5 axb5 28. Ra6 Nb4 29. cxb4 Rxc1+ 30. Kg2 Be7 31. Rb6 Rcc8 32. Kh2 Kf8 33. Bc6 Rb8 34. Rxb8 Rxb8 35. d5 Bd3 36. Nxg5 Rb6 37. Nf3 Ra6 38. Nd4 Ra4 39. Nxb5 Bxb5 40. Bxb5 Rxb4 41. Be2 Rd4 42. Bf3 Ke8 43. Kg2 Kd7 44. Kf1 Bg5 45. Ke2 Bf4 46. Bh4 Rd2+ 47. Kf1 Ke8 48. Bf6 Kf8 49. Ke1 Ra2 50. Kf1 Bh6 51. Kg1 Bg7 52. Bh4 Be5 53. Bg5 Ra4 54. Kg2 Kg7 55. Be3 Kg6 56. Bd1 Rc4 57. Be2 Ra4 58. Bd3+ Kf6 59. Be2 Bf4 60. Bb6 Ke5 61. Bf3 Ra2 62. Kf1 Bc1 63. Kg2 Rb2 64. Bc7 Bd2 65. Bd8 f6 66. Be2 Rb8 67. Bc7 Rc8 68. Bb6 Kxd5 69. Kg3 Ke5 70. f3 Bf4+ 71. Kf2 d5 72. Bd3 Bc1 73. Bf5 Rc6 74. Ba7 Ra6 75. Bb8+ Kd4 76. Bc7 Ra2+ 77. Kg3 Kc5 78. Kh4 d4 79. Kh5 Ra3 80. Bd8 Rxf3 81. Bxf6 d3 82. Be7+ Kd5 83. Bc8 Rh3+ 84. Kg6 d2 85. Bb7+ Ke6 0-1

[Event "Kimry-ch"]
[Site "Kimry"]
[Date "2009.01.02"]
[Round "1"]
[White "Petrov, Ilja"]
[Black "Golebev, Andrey"]
[Result "1-0"]
[WhiteElo "2222"]
[BlackElo "1979"]
[PlyCount "81"]
[EventDate "2009.01.02"]
[EventType "swiss"]
[EventRounds "9"]
[EventCountry "RUS"]
[SourceTitle "EXT 2010"]
[Source "ChessBase"]
[SourceDate "2010.11.25"]
[SourceVersion "1"]
[SourceVersionDate "2010.11.25"]
[SourceQuality "1"]

1. e4 c5 2. Nf3 e6 3. d4 Nf6 4. e5 Nd5 5. c4 Nb4 6. Nc3 cxd4 7. Nxd4 N8c6 8. Nxc6 dxc6 9. Qxd8+ Kxd8 10. Bg5+ Kc7 11. 0-0-0 Bc5 12. Ne4 Na6 13. a3 h6 14. Bh4 g5 15. Bg3 Be7 16. Be2 Bd7 17. b4 Raf8 18. h4 Nb8 19. Kb2 Kd8 20. Rd3 gxh4 21. Bxh4 Bxh4 22. Rxh4 Ke7 23. Nf6 Rd8 24. Kc3 c5 25. b5 a6 26. a4 Bc8 27. Rdh3 Nd7 28. Nxd7 Rxd7 29. Rxh6 Rg8 30. g4 Rd4 31. Rh8 Kf8 32. Rxg8+ Kxg8 33. Rd3 Rxd3+ 34. Kxd3 b6 35. a5 axb5 36. axb6 b4 37. Bf3 Kg7 38. b7 Bxb7 39. Bxb7 f6 40. exf6+ Kxf6 41. f4 1-0

[Event "Kimry Rating 33rd"]
[Site "Kimry"]
[Date "2007.01.24"]
[Round "8"]
[White "Kotov, Viktor"]
[Black "Petrov, Ilja"]
[Result "1-0"]
[WhiteElo "2301"]
[BlackElo "2192"]
[PlyCount "29"]
[EventDate "2007.01.21"]
[EventType "tourn"]
[EventRounds "10"]
[EventCountry "RUS"]
[SourceTitle "EXT 2008"]
[Source "ChessBase"]
[SourceDate "2007.11.25"]
[SourceVersion "1"]
[SourceVersionDate "2007.11.25"]
[SourceQuality "1"]

1. e4 e6 2. d4 d5 3. Nd2 dxe4 4. Nxe4 Nf6 5. Nxf6+ Qxf6 6. Nf3 h6 7. Bd3 Bd6 8. 0-0 0-0 9. Qe2 Nc6 10. Qe4 Qf5 11. Qh4 Qa5 12. Bxh6 gxh6 13. Qxh6 f5 14. Qg6+ Kh8 15. Ng5 1-0

[Event "Kimry Rating 33rd"]
[Site "Kimry"]
[Date "2007.01.21"]
[Round "1"]
[White "Petrov, Ilja"]
[Black "Asrian, Armen"]
[Result "1-0"]
[WhiteElo "2192"]
[BlackElo "2178"]
[PlyCount "121"]
[EventDate "2007.01.21"]
[EventType "tourn"]
[EventRounds "10"]
[EventCountry "RUS"]
[SourceTitle "EXT 2008"]
[Source "ChessBase"]
[SourceDate "2007.11.25"]
[SourceVersion "1"]
[SourceVersionDate "2007.11.25"]
[SourceQuality "1"]

1. e4 c5 2. Nf3 d6 3. d4 cxd4 4. Nxd4 Nf6 5. Nc3 a6 6. Be2 e5 7. Nb3 Be6 8. 0-0 Nbd7 9. f4 exf4 10. Bxf4 Ne5 11. Qe1 Be7 12. Bxe5 dxe5 13. Qg3 0-0 14. Qxe5 Bd6 15. Qa5 Qb8 16. h3 b5 17. Bf3 Be5 18. a4 Qa7+ 19. Kh1 Qe3 20. Ne2 Nxe4 21. Qe1 Rac8 22. Bxe4 Qxe4 23. Ned4 Qxe1 24. Rfxe1 Bg3 25. Re3 Bf4 26. Rf3 Bxb3 27. Rxb3 Be5 28. c3 Bxd4 29. cxd4 Rfd8 30. axb5 axb5 31. Rxb5 Rxd4 32. Rb7 g6 33. Rf1 Rf8 34. b4 Rdd8 35. b5 Rb8 36. Rfxf7 Rxf7 37. Rxb8+ Kg7 38. Kg1 Rd7 39. Rc8 Rd1+ 40. Kf2 Rb1 41. Rc5 Rb3 42. Ke2 h5 43. Kd2 Kf7 44. Kc2 Rb4 45. Kc3 Rb1 46. Kc2 Rb4 47. Kc3 Rb1 48. Kd4 Rb2 49. Kd5 Ke7 50. Kc6 Kd8 51. Rg5 Rc2+ 52. Kb6 Kd7 53. Rxg6 Rc4 54. g4 hxg4 55. hxg4 Rb4 56. g5 Kc8 57. Rg8+ Kd7 58. g6 Rb1 59. Rf8 Rg1 60. Rf6 Ke7 61. Rc6 1-0

[Event "Kazan-ch"]
[Site "Kazan"]
[Date "2006.12.09"]
[Round "11"]
[White "Sadykov, Rustem1111"]
[Black "Petrov, Ilja"]
[Result "1-0"]
[WhiteElo "2042"]
[BlackElo "2192"]
[PlyCount "96"]
[EventDate "2006.11.21"]
[EventType "swiss"]
[EventRounds "11"]
[EventCountry "RUS"]
[SourceTitle "EXT 2019"]
[Source "ChessBase"]
[SourceDate "2018.10.10"]
[SourceVersion "1"]
[SourceVersionDate "2018.10.10"]
[SourceQuality "1"]

1. d4 d5 2. c4 c6 3. Nf3 Nf6 4. Nc3 e6 5. Bg5 Be7 6. e3 Nbd7 7. Bd3 0-0 8. 0-0 b6 9. Qa4 dxc4 10. Qxc6 Ba6 11. Be2 Qc8 12. Qa4 b5 13. Nxb5 Nb6 14. Qa5 Nbd5 15. Na3 Rb8 16. Rac1 Rb4 17. Nxc4 Bd8 18. Qa3 Rxc4 19. Bxc4 Bxc4 20. b3 Qa6 21. Qxa6 Bxa6 22. Rfd1 Ba5 23. Rc6 Nb4 24. Rcc1 Nd3 25. Rb1 Ne4 26. b4 Ndxf2 27. Rdc1 Bb6 28. b5 Bb7 29. Bh4 Ng4 30. Rb3 Bd5 31. Ra3 Nd6 32. Be7 Rc8 33. Rac3 Rxc3 34. Rxc3 Ne8 35. Rc8 f6 36. Bc5 Kf7 37. a4 Nxe3 38. Nd2 Nf5 39. Bxb6 axb6 40. Rb8 Nxd4 41. Rxb6 Ne2+ 42. Kf2 Nc3 43. Ra6 Ke7 44. b6 Kd7 45. Ra7+ Kc8 46. Re7 Nd6 47. Rc7+ Kb8 48. Rxc3 e5 1-0

[Event "Kazan-ch"]
[Site "Kazan"]
[Date "2006.12.03"]
[Round "8"]
[White "Baharev, Vladimir"]
[Black "Petrov, Ilja"]
[Result "1-0"]
[WhiteElo "2272"]
[BlackElo "2192"]
[PlyCount "80"]
[EventDate "2006.11.21"]
[EventType "swiss"]
[EventRounds "11"]
[EventCountry "RUS"]
[SourceTitle "EXT 2019"]
[Source "ChessBase"]
[SourceDate "2018.10.10"]
[SourceVersion "1"]
[SourceVersionDate "2018.10.10"]
[SourceQuality "1"]

1. e4 e5 2. Nf3 Nc6 3. Bb5 Nf6 4. Qe2 d6 5. d4 Bd7 6. dxe5 Nxe5 7. Nxe5 dxe5 8. 0-0 Bc5 9. Bg5 c6 10. Bc4 h6 11. Bh4 Qe7 12. Nd2 g5 13. Bg3 h5 14. Nf3 Bg4 15. h3 h4 16. Bh2 Bh5 17. Qd3 Nd7 18. Qc3 f6 19. a3 Bb6 20. b4 g4 21. Nxh4 Bd4 22. Qb3 Bxa1 23. Nf5 Qh7 24. Nd6+ Kd8 25. Rxa1 Kc7 26. Nf5 Rad8 27. b5 Nb6 28. bxc6 bxc6 29. a4 gxh3 30. a5 Nxc4 31. Qxc4 hxg2 32. Qc5 Rd1+ 33. Rxd1 Bxd1 34. Qxa7+ Kd8 35. Qb8+ Kd7 36. Qd6+ Ke8 37. Qe6+ Kd8 38. Qxf6+ Kc8 39. Qxc6+ Kd8 40. Qd6+ Ke8 1-0

[Event "Kazan-ch"]
[Site "Kazan"]
[Date "2006.12.02"]
[Round "7"]
[White "Petrov, Ilja"]
[Black "Pushkin, Eduard"]
[Result "1-0"]
[WhiteElo "2192"]
[BlackElo "2246"]
[PlyCount "51"]
[EventDate "2006.11.21"]
[EventType "swiss"]
[EventRounds "11"]
[EventCountry "RUS"]
[SourceTitle "EXT 2019"]
[Source "ChessBase"]
[SourceDate "2018.10.10"]
[SourceVersion "1"]
[SourceVersionDate "2018.10.10"]
[SourceQuality "1"]

1. e4 d6 2. d4 Nf6 3. Nc3 c6 4. f4 Qa5 5. Bd3 e5 6. Nf3 exd4 7. Nxd4 Qb6 8. Be2 d5 9. e5 Ne4 10. Nxe4 dxe4 11. c3 Bc5 12. 0-0 0-0 13. b3 Rd8 14. Be3 Nd7 15. Bc4 Nf8 16. f5 Qc7 17. b4 Bxd4 18. cxd4 b5 19. Bb3 a5 20. Qh5 a4 21. Bc2 c5 22. bxc5 Bb7 23. Rf4 b4 24. Rg4 g6 25. f6 Ne6 26. Qh6 1-0

[Event "Nezhmetdinov Memorial 28th"]
[Site "Kazan"]
[Date "2006.06.08"]
[Round "8"]
[White "Petrov, Ilja"]
[Black "Masyagutova, Leisan"]
[Result "1-0"]
[WhiteElo "2205"]
[BlackElo "2026"]
[PlyCount "73"]
[EventDate "2006.06.01"]
[EventType "swiss"]
[EventRounds "9"]
[EventCountry "RUS"]
[SourceTitle "CBM 112 Extra"]
[Source "ChessBase"]
[SourceDate "2006.07.14"]
[SourceVersion "1"]
[SourceVersionDate "2006.07.14"]
[SourceQuality "1"]

1. e4 c5 2. Nf3 e6 3. d4 cxd4 4. Nxd4 Nf6 5. Nc3 Bb4 6. e5 Nd5 7. Bd2 Nxc3 8. bxc3 Be7 9. Qg4 0-0 10. Bh6 g6 11. h4 d6 12. h5 Qa5 13. Nb5 a6 14. hxg6 fxg6 15. Bxf8 axb5 16. Qh3 Kxf8 17. Rd1 b4 18. exd6 Qe5+ 19. Be2 Bxd6 20. Qh6+ Ke8 21. Qxh7 Nd7 22. Qg8+ Nf8 23. Rh8 Bd7 24. Kf1 Ke7 25. cxb4 Qf6 26. Rh7+ Nxh7 27. Qxh7+ Kf8 28. Rxd6 Bc6 29. Qh6+ Kg8 30. Rd1 Rxa2 31. Bd3 Be8 32. Re1 Rb2 33. Qd2 Kg7 34. Bc4 Bf7 35. Bb3 g5 36. Qd7 Kh6 37. Qxb7 1-0

[Event "Nezhmetdinov Memorial 28th"]
[Site "Kazan"]
[Date "2006.06.03"]
[Round "3"]
[White "Chistiakova, Tamara"]
[Black "Petrov, Ilja"]
[Result "1-0"]
[WhiteElo "2351"]
[BlackElo "2205"]
[PlyCount "75"]
[EventDate "2006.06.01"]
[EventType "swiss"]
[EventRounds "9"]
[EventCountry "RUS"]
[SourceTitle "CBM 112 Extra"]
[Source "ChessBase"]
[SourceDate "2006.07.14"]
[SourceVersion "1"]
[SourceVersionDate "2006.07.14"]
[SourceQuality "1"]

1. d4 d5 2. Bf4 Nf6 3. e3 Bf5 4. c4 e6 5. Nc3 c6 6. Qb3 Qb6 7. c5 Qxb3 8. axb3 Nbd7 9. h3 a6 10. b4 Rc8 11. Nf3 Be7 12. Nd2 Bd8 13. Bd6 Nf8 14. Nb3 Bc7 15. Bxc7 Rxc7 16. f3 h5 17. g3 Ng6 18. Be2 e5 19. Kf2 0-0 20. g4 exd4 21. Nxd4 Bc8 22. g5 Nh7 23. f4 h4 24. Bd3 f5 25. gxf6 Rxf6 26. b5 axb5 27. Ra8 Kf7 28. b4 Bd7 29. Rg1 Nhf8 30. Nf3 Rc8 31. Ra7 Kg8 32. Rxb7 Bxh3 33. Nxh4 Rf7 34. Rxf7 Kxf7 35. Nf3 Kf6 36. Nd4 Bd7 37. Ra1 Ne6 38. Ndxb5 1-0

[Event "RUS-ch U26"]
[Site "Ufa"]
[Date "2004.05.09"]
[Round "5"]
[White "Salinnikov, Denis Y"]
[Black "Petrov, Ilja"]
[Result "1-0"]
[WhiteElo "2352"]
[BlackElo "2203"]
[PlyCount "65"]
[EventDate "2004.05.??"]
[EventType "swiss"]
[EventRounds "9"]
[EventCountry "RUS"]
[SourceTitle "EXT 2005"]
[Source "ChessBase"]
[SourceDate "2004.11.15"]
[SourceVersion "1"]
[SourceVersionDate "2004.11.15"]
[SourceQuality "1"]

1. e4 e5 2. Nf3 Nc6 3. Bb5 Nf6 4. d3 Bc5 5. 0-0 d6 6. c3 0-0 7. Bg5 Qe7 8. d4 Bb6 9. a4 a6 10. Bxc6 bxc6 11. Nbd2 h6 12. Bh4 g5 13. Bg3 Nh5 14. dxe5 Nxg3 15. exd6 Qxd6 16. e5 Qd3 17. hxg3 g4 18. a5 gxf3 19. axb6 fxg2 20. Kxg2 cxb6 21. Nf3 Qf5 22. Rh1 Be6 23. Ra4 Rfd8 24. Qc1 Bd5 25. Qf4 Bxf3+ 26. Kxf3 Rd3+ 27. Kg2 Qxf4 28. Rxf4 Rd2 29. Rxh6 Ra7 30. Rg4+ Kf8 31. e6 Rxb2 32. Rh8+ Ke7 33. exf7 1-0

[Event "Kimry-ch"]
[Site "Kimry"]
[Date "2003.??.??"]
[Round "3"]
[White "Petrov, Ilja"]
[Black "Patsyk, Aleksandr"]
[Result "1-0"]
[WhiteElo "2200"]
[BlackElo "2215"]
[PlyCount "139"]
[EventDate "2003.??.??"]
[EventType "swiss"]
[EventRounds "9"]
[EventCountry "RUS"]
[SourceTitle "EXT 2007"]
[Source "ChessBase"]
[SourceDate "2006.11.23"]
[SourceVersion "1"]
[SourceVersionDate "2006.11.23"]
[SourceQuality "1"]

1. e4 e6 2. d4 d5 3. exd5 exd5 4. c4 c6 5. Nc3 Nf6 6. Nf3 Bb4 7. Bd3 Qe7+ 8. Ne5 Be6 9. 0-0 0-0 10. Bg5 h6 11. Bh4 Rd8 12. cxd5 cxd5 13. f4 Nc6 14. Ne2 Ba5 15. Rc1 Rac8 16. Bb1 Bd7 17. Nxd7 Rxd7 18. Bf5 Rcd8 19. Bxd7 Rxd7 20. Kh1 Qd6 21. Ng3 g6 22. Bxf6 Qxf6 23. f5 Qh4 24. fxg6 fxg6 25. Qd3 Rg7 26. Qf3 Qxd4 27. Rcd1 Qxb2 28. Qxd5+ Kh7 29. Ne4 Bd8 30. Nc5 Bf6 31. Ne6 Re7 32. Nf8+ Kg7 33. Nd7 Bd4 34. Nf8 Bf6 35. Nd7 Bd4 36. Rf8 h5 37. Rdf1 Kh6 38. R8f7 Qe2 39. Nf8 Bg7 40. Qd6 Qe4 41. Qd2+ Qe3 42. Qd6 Qe4 43. Rxe7 Nxe7 44. Qd2+ g5 45. Qd6+ Ng6 46. Nxg6 Qxg6 47. Qd5 b6 48. Re1 Bf6 49. Qa8 a5 50. Qf8+ Qg7 51. Qd6 Qg6 52. Qxb6 a4 53. Qb4 Qc2 54. Rf1 Bg7 55. Qb6+ Kh7 56. Qe6 a3 57. Qf5+ Qxf5 58. Rxf5 Kg6 59. Rf3 Bb2 60. Kg1 g4 61. Rf8 h4 62. Kf2 Bd4+ 63. Ke2 Be5 64. h3 gxh3 65. gxh3 Bd6 66. Rf1 Kg5 67. Kd3 Be7 68. Ke4 Bd8 69. Kd5 Bc7 70. Rf3 1-0

[Event "Kimry-ch"]
[Site "Kimry"]
[Date "2003.??.??"]
[Round "9"]
[White "Petrov, Ilja"]
[Black "Shibaev, Aleksey"]
[Result "0-1"]
[WhiteElo "2200"]
[BlackElo "2385"]
[PlyCount "110"]
[EventDate "2003.??.??"]
[EventType "swiss"]
[EventRounds "9"]
[EventCountry "RUS"]
[SourceTitle "EXT 2007"]
[Source "ChessBase"]
[SourceDate "2006.11.23"]
[SourceVersion "1"]
[SourceVersionDate "2006.11.23"]
[SourceQuality "1"]

1. e4 c5 2. Nc3 g6 3. g3 Bg7 4. Bg2 Nc6 5. d3 d6 6. Nf3 e6 7. 0-0 Nge7 8. Be3 0-0 9. Qd2 Nd4 10. Ne1 Re8 11. h3 Rb8 12. f4 b5 13. Kh2 a5 14. a3 Bd7 15. Qf2 b4 16. axb4 axb4 17. Nd1 f5 18. Bh1 Rf8 19. Rg1 e5 20. Qd2 Be6 21. Nf3 Kh8 22. Bg2 Bg8 23. Ne1 Ne6 24. Rf1 exf4 25. gxf4 d5 26. e5 d4 27. Bf2 Nd5 28. Bg3 g5 29. fxg5 f4 30. Bh4 Ne3 31. Nxe3 fxe3 32. Qe2 Bxe5+ 33. Kh1 Nf4 34. Qf3 Bd5 35. Qg4 Be6 36. g6 Bxg4 37. Bxd8 Rbxd8 38. hxg4 Nxg6 39. Nf3 Bg3 40. Ng1 Nf4 41. Bf3 Rf6 42. g5 Rg6 43. Ne2 Rxg5 44. Nxf4 Bxf4 45. Rg1 Bg3 46. Rg2 Rf8 47. Be2 h5 48. Rag1 h4 49. b3 Rg7 50. Bh5 Kh7 51. Be2 Re7 52. Rf1 Rf2 53. Kg1 Kh6 54. Bg4 Kg5 55. Be2 Kf4 0-1

[Event "Kimry-ch"]
[Site "Kimry"]
[Date "2003.??.??"]
[Round "6"]
[White "Romanko, Vladimir"]
[Black "Petrov, Ilja"]
[Result "0-1"]
[WhiteElo "2080"]
[BlackElo "2200"]
[PlyCount "182"]
[EventDate "2003.??.??"]
[EventType "swiss"]
[EventRounds "9"]
[EventCountry "RUS"]
[SourceTitle "EXT 2007"]
[Source "ChessBase"]
[SourceDate "2006.11.23"]
[SourceVersion "1"]
[SourceVersionDate "2006.11.23"]
[SourceQuality "1"]

1. e4 e5 2. Nf3 Nc6 3. d4 exd4 4. Nxd4 Qh4 5. Nc3 Bb4 6. Ndb5 Ba5 7. Be2 a6 8. Nd4 Qxe4 9. Nf3 Nf6 10. 0-0 Bxc3 11. bxc3 0-0 12. Bd3 Qe7 13. Bg5 h6 14. Bf4 Nd5 15. Qd2 Nxf4 16. Qxf4 d6 17. Rfe1 Qf6 18. Qxf6 gxf6 19. Rab1 Ne5 20. Nh4 c6 21. Bf5 b5 22. Bxc8 Raxc8 23. Nf5 Rcd8 24. Nxh6+ Kh7 25. Nf5 Rfe8 26. Rbd1 Nc4 27. f4 d5 28. Kf2 Na3 29. Nd4 c5 30. Nb3 Rxe1 31. Rxe1 Nxc2 32. Re2 Na3 33. Nxc5 a5 34. Re7 Rc8 35. Nb7 Rxc3 36. Rxf7+ Kg6 37. Rd7 Kf5 38. Rxd5+ Kxf4 39. Ke2 Re3+ 40. Kf2 Rc3 41. Rd4+ Ke5 42. Rd2 a4 43. Nd6 b4 44. Nf7+ Ke6 45. Nd6 Rc2 46. Rxc2 Nxc2 47. Nc4 a3 48. Nd2 Nd4 49. Ke3 Kd5 50. Nb1 Nb5 51. h4 b3 52. Nxa3 bxa2 53. Nc2 Kc4 54. h5 Nd4 55. Na1 Nb3 56. h6 Nxa1 57. h7 Nc2+ 58. Kf4 a1Q 59. h8Q Qe5+ 60. Kf3 Qe3+ 61. Kg4 Qg5+ 62. Kh3 Ne3 63. Qc8+ Kd3 64. Qa6+ Kd2 65. Qa2+ Ke1 66. Qb1+ Kf2 67. Qb2+ Kg1 68. Qc1+ Kf2 69. Qb2+ Ke1 70. Qc1+ Ke2 71. Qb2+ Kd3 72. Qb3+ Kd4 73. Qb4+ Nc4 74. Qb7 Qh5+ 75. Kg3 Qg5+ 76. Kh3 Qh5+ 77. Kg3 Qe5+ 78. Kh3 Qe3+ 79. Kh2 Qf4+ 80. Kh1 Qf1+ 81. Kh2 Qf4+ 82. Kh1 f5 83. Qd7+ Ke3 84. Qa7+ Ke2 85. Qa2+ Nd2 86. Qa6+ Kf2 87. Qb6+ Qe3 88. Qc6 Qe1+ 89. Kh2 Nf1+ 90. Kh3 Qe3+ 91. Kh4 Qe4+ 0-1